00337nam a2200133Ia 4500008004100000020001500041041001200056100001800068245005000086260003300136300000800169650001000177700001600187221030s9999 xx 000 0 und d a8126539840 aEnglish aD. L. Vischer 0aDam Hydraulicscby D. L. Vischer, W. H. Hager bWilley Pub.aNew Delhic2013 a316 aCivil aW. H. Hager